000 00489nam a2200193Ia 4500
003 GCL
008 140319s9999 xx 000 0 aRus d
040 _aGCL /
_cGCL
082 0 4 _a863
_bO E
100 1 _aONETTI,JUAN CORLOS
245 1 0 _aEL ASTILLERO /
_cONETTI,JUAN CORLOS
260 _a[S.N] :
_bCATEDRA LETRAS HISPANICAS ،
_c1995
300 _a233
650 0 4 _aLITERATURE
650 0 4 _aFICTION
650 0 4 _aSPANISH LITERATURE
650 0 4 _aSPANISH FICTION
942 _2ddc
_cBK
999 _c12895
_d12895